zpět

Detail výsledku týmu

Hospůdka 1. HFK Holice, Olomouc

Datum a čas kvízu

31 Celkem bodů Celkový počet nahraných bodů na tomto kvízu bez doplňovacích otázek.
4. Pořadí na kvízu Konečné umístění týmu na tomto kvízu.

Zaznamenané odpovědi

# Otázka Odpověď Body Výsledky
1. Minulý týden přijel do České r... Viktor Orbán 1
2. Francouzský prezident Emmanuel... Vodní skútr. 0
3. Slovenská influencerka Zuzana... C 1
4. Brno opět překvapilo zbytek re... Stojí pod mostem. 1
5. Jak se nazývá fotbalový tým, k... Sheriff Tiraspol 0
6. Pojďme se podívat na leváky, k... B 0
7. V roce 1956 se v Praze narodil... Yonex 0
8. Obyvatelé arktických oblastí U... Inuité 1
9. Dabér Jaromír Meduna propůjčil... Levák Bob 1
10. Levákem byl i slavný vojevůdce... Na Korsice. 1